00453cam a22001217a 4500008004000000082001700040245012700057260005700184300000900241500001000250650003000260700004100290180718b1959 xxu||||| |||| 00| 0 eng d aT29x73 N213a aAmerica and the world:comparisons projections prepared for the 43rd annual meeting of the conference board May 21-22, 1959 aNew YorkbNational Industrial Conference Boardc1959 a31p. a$1.50 aUSA - Economic Conditions aNational Industrial Conference Board